000 00425cam a22001337a 4500
008 180718b1965 xxu||||| |||| 00| 0 eng d
082 _aA81x54 In2/61/4/Pt2B/1
100 _aCensus of India 1961
245 _aBihar: general economic tables
260 _aDelhi
_bThe Manager of Publications
_c1965
300 _a677+p.
440 _aCensus of India 1961. Volume IV, Bihar. Part II-B (i)
500 _aTables B-I to B-IV & B-VII
999 _c483900
_d483900